| 000 | 00419cam a22001217a 4500 | ||
|---|---|---|---|
| 008 | 180718b1988 xxu||||| |||| 00| 0 eng d | ||
| 082 | _aA81069x54 In2/1/6 | ||
| 100 | _aCensus of India | ||
| 245 | _aRegional divisions of India - a cartographic analysis: Haryana | ||
| 260 |
_aDelhi _bThe Controller of Publications _c1988 |
||
| 300 | _a1771+p. | ||
| 440 | _aCensus of India. Series-1, Haryana. Volume-VI. Occasional Papers | ||
| 999 |
_c487744 _d487744 |
||